| 000 | 01025nam a22002777a 4500 | ||
|---|---|---|---|
| 999 |
_c112984 _d112984 |
||
| 003 | dpl | ||
| 005 | 20190115122930.0 | ||
| 008 | 190115b ||||| |||| 00| 0 eng d | ||
| 010 | _aB-050250 | ||
| 020 |
_c100.00 _a8187110473 |
||
| 035 | _aB-050250, B-050254 | ||
| 037 | _bCen Lib/Ret | ||
| 040 |
_aDPL _bHN _c0 |
||
| 082 |
_a821 _bअश्वघो |
||
| 100 |
_aअश्वघोष _950071 |
||
| 245 |
_aजेबों में डर / _cअश्वघोष |
||
| 246 |
_aJebon me dar / _bby Ashvghosh |
||
| 260 |
_aदिल्ली _bमेधा बुक्स _c2001 |
||
| 270 |
_bदिल्ली _aएक्स-11, नवीन शाहदरा _e110032 |
||
| 300 |
_a110पृ. _c20सेमी (सजिल्द) |
||
| 650 |
_aहिन्दी -- साहित्य _950072 |
||
| 650 |
_aहिन्दी -- ग़ज़ल _91301 |
||
| 650 |
_aHindi -- literature _950073 |
||
| 650 |
_aHindi - Ghazal _946045 |
||
| 942 |
_2ddc _cHN _h821 _mअश्वघो |
||